000 00745nam a22002297a 4500
999 _c6211
_d6211
003 AR-CdUCM
008 190313b ||||| |||| 00| 0 spa d
040 _aMUNICIPALIDAD PROVINCIAL DEL CUSCO
_cBIBLIOTECA MUNICIPAL DEL CUSCO
082 _a895.692 /
_bG45
100 _aGibrán, Kahlil
_917909
245 _aEl profeta /
260 _aLima :
_bP.L. Villanueva,
_c1974.
300 _a122 paginas ;
_c22 cm.
500 _aDonación familia Nieto.
505 _aContenido :Palabras prologales -- Amor -- Matrimonio -- Niños -- Comer y beber ...
650 _aPoesías libanesas
_917910
650 _aSiglo XX
_98
650 _aLiteratura libanesa
_917911
700 _aSeguin, Carlos Alberto
_917912
942 _2ddc
_cLIBROS
945 _arum